The Chile Quiz - Statistics

General Stats
  • This quiz has been taken 462 times
  • The average score is 8 of 10
Answer Stats
Hint Answer % Correct
The capital city Santiago
99%
European country that Chile used to be ruled by Spain
95%
Number of countries Chile borders Three
93%
The long mountain range that extends through the country Andes
92%
The three colours in Chile's flag Red, white, blue
92%
Dictator of Chile from 1973-1990 Augusto Pinochet
83%
The predominant religion Catholicism
83%
Original indigenous inhabitants of south and central Chile before colonization The Mapuche
61%
Chile's current president Michelle Bachelet
51%
The national sport Rodeo
32%
No matching quizzes found
Score Distribution
Percent of People with Each Score
Percentile by Number Answered
Your Score History
You have not taken this quiz